Rich Dad Poor Dad (Record no. 12076)

MARC details
000 -LEADER
fixed length control field 00263nam a22000977a 4500
008 - FIXED-LENGTH DATA ELEMENTS--GENERAL INFORMATION
fixed length control field 221018b |||||||| |||| 00| 0 eng d
020 ## - INTERNATIONAL STANDARD BOOK NUMBER
International Standard Book Number 9781612681139
100 ## - MAIN ENTRY--PERSONAL NAME
Personal name Klyosaki T Robert
9 (RLIN) 7585
245 ## - TITLE STATEMENT
Title Rich Dad Poor Dad
260 ## - PUBLICATION, DISTRIBUTION, ETC. (IMPRINT)
Place of publication, distribution, etc. USA
Name of publisher, distributor, etc. Plata Publication
Date of publication, distribution, etc. April-2022
Holdings
Withdrawn status Lost status Source of classification or shelving scheme Damaged status Koha normalized classification for sorting Not for loan Home library Current library Date acquired Total Checkouts Total Renewals Full call number Barcode Date last seen Date last checked out Price effective from Koha item type
    Dewey Decimal Classification   KIY_332_000000000000000   Good Samaritan School Library Good Samaritan School Library 10/18/2022 26 4 KIY332 KIY17318 08/29/2025 08/22/2025 10/18/2022 BOOK

Powered by Koha